000 00461nam a22001577a 4500
005 20251129165509.0
008 251129b |||||||| |||| 00| 0 eng d
020 _a9788121928229
050 _aTA407.4 KHU
100 _aKhurmi, R. S.
245 _aStrength of Materials
_b(mechanics of solids) SI Units
250 _bmulticolour edition
260 _aNew Delhi
_bS. Chand & Company Limited
_c2010
300 _axvi. 862p.
_bill. color
_c24cm
942 _2lcc
_cBK
_n0
999 _c8468
_d8468